000 00515cam a22001571 4500
082 _a671.521
_bHAN
_cL-24, P-7
100 1 _aPaterson, John Hamilton, [from old catalog]
_944949
245 1 0 _aHandbook for electric welders,
_cedited by J.H. Paterson.
250 _a10th Ed:
260 _aLondon,
_bMurex welding processes ltd.,
_c1948
300 _a191, [l] p.
_billus., diagrs.
_c22 cm.
526 _a0
_b0
_c0
_d671_521000000000000_HAN
650 0 _aElectric welding.
_943061
650 0 _aMCE
_9379
942 _2ddc
_cBK
999 _c548593
_d548593